[Event "Imperia op 27th"]
[Site "Imperia"]
[Date "1985.09.07"]
[Round "8"]
[White "Boleski, Ive"]
[Black "Cirabisi, Federico"]
[Result "0-1"]
[WhiteElo "2042"]
[BlackElo "1949"]
[PlyCount "49"]
[EventDate "1985.09.01"]
[EventType "swiss"]
[EventRounds "9"]
[EventCountry "ITA"]
[SourceTitle "EXT 2024"]
[Source "ChessBase"]
[SourceDate "2023.10.10"]
[SourceVersion "1"]
[SourceVersionDate "2023.10.10"]
[SourceQuality "1"]

1. e4 Nf6 2. e5 Nd5 3. d4 d6 4. Nf3 g6 5. Bc4 Nb6 6. Bxf7+ Kxf7 7. Ng5+ Kg8 8. e6 Bg7 9. d5 c6 10. Nf7 Qf8 11. c4 Nxc4 12. 0-0 cxd5 13. Qxd5 Nb6 14. Qe4 Nc6 15. Nc3 Nd8 16. Nxh8 Kxh8 17. Be3 Bxe6 18. Bxb6 axb6 19. Qe3 Bc4 20. Rfd1 b5 21. a3 Nc6 22. Qb6 Ne5 23. a4 Bb3 24. Rf1 bxa4 25. Qxb7 0-1